| 000 | 00641nam a22002057a 4500 | ||
|---|---|---|---|
| 999 |
_c11132 _d11132 |
||
| 003 | AR-CdUCM | ||
| 008 | 190403b ||||| |||| 00| 0 spa d | ||
| 040 |
_aMUNICIPALIDAD PROVINCIAL DEL CUSCO _cBIBLIOTECA MUNICIPAL DEL CUSCO |
||
| 082 |
_a869.63 / _bM26 / 1951 |
||
| 100 |
_aMartán Góngora, Helcías _914351 |
||
| 245 | _aNocturnas y elegías (1947 - 1951) / | ||
| 260 |
_aColombia : _bDepto, _c1951. |
||
| 300 |
_a141 páginas ; _c33 cm. |
||
| 505 | _aContenido : Desvelo -- Nocturnos -- Elegías.. | ||
| 650 |
_aElegías _928316 |
||
| 650 |
_aNocturnas _928317 |
||
| 650 |
_aColombia _9140 |
||
| 942 |
_2ddc _cLIBROS |
||
| 945 | _arah | ||